Women romantics 1785 - 1832 : (Record no. 4681)
[ view plain ]
| 000 -LEADER | |
|---|---|
| fixed length control field | 00668cam a2200217 4500 |
| 001 - CONTROL NUMBER | |
| control field | 5558 |
| 005 - DATE AND TIME OF LATEST TRANSACTION | |
| control field | 20181127175752.0 |
| 008 - FIXED-LENGTH DATA ELEMENTS--GENERAL INFORMATION | |
| fixed length control field | 920721s1992 enk b 001 0 eng |
| 010 ## - LIBRARY OF CONGRESS CONTROL NUMBER | |
| LC control number | 92189064 |
| 020 ## - INTERNATIONAL STANDARD BOOK NUMBER | |
| International Standard Book Number | 9789350092385 |
| Terms of availability | |
| 043 ## - GEOGRAPHIC AREA CODE | |
| Geographic area code | e-uk--- |
| 245 00 - TITLE STATEMENT | |
| Title | Women romantics 1785 - 1832 : |
| Remainder of title | writing in prose / |
| Statement of responsibility, etc. | edited by Jennifer Breen. |
| 260 ## - PUBLICATION, DISTRIBUTION, ETC. | |
| Place of publication, distribution, etc. | Hachette India : |
| Name of publisher, distributor, etc. | |
| Place of publication, distribution, etc. | |
| Name of publisher, distributor, etc. | Everyman, |
| Date of publication, distribution, etc. | 2010. |
| 300 ## - PHYSICAL DESCRIPTION | |
| Extent | 291 p. ; |
| Dimensions | 20 cm. |
| 490 0# - SERIES STATEMENT | |
| Series statement | Everyman's library |
| 650 #0 - SUBJECT ADDED ENTRY--TOPICAL TERM | |
| Topical term or geographic name entry element | English poetry |
| General subdivision | Women authors. |
| Topical term or geographic name entry element | English poetry |
| Chronological subdivision | 18th century. |
| Topical term or geographic name entry element | English poetry |
| Chronological subdivision | 19th century. |
| Topical term or geographic name entry element | Romanticism |
| Geographic subdivision | Great Britain. |
| 700 1# - ADDED ENTRY--PERSONAL NAME | |
| Personal name | Breen, Jennifer. |
| Withdrawn status | Lost status | Source of classification or shelving scheme | Damaged status | Not for loan | Collection code | Home library | Current library | Shelving location | Serial Enumeration / chronology | Inventory number | Total Checkouts | Full call number | Barcode | Date last seen | Price effective from | Koha item type |
|---|---|---|---|---|---|---|---|---|---|---|---|---|---|---|---|---|
| Dewey Decimal Classification | Main TEST | RTC Library | RTC Library | Main opac | 8913 | 821.7 BRE | 30009046 | 27/11/2018 | 27/11/2018 | Main |